[Event "Wuerttemberg-ch Blitz"]
[Site "Murrhard"]
[Date "2021.08.20"]
[Round "9"]
[White "Zehring, Mathias"]
[Black "Schwilk, Michael"]
[Result "1-0"]
[WhiteElo "1871"]
[BlackElo "1989"]
[PlyCount "44"]
[EventDate "2021.08.20"]
[EventType "swiss (blitz)"]
[EventRounds "11"]
[EventCountry "GER"]
[SourceTitle "CBM 204 Extra"]
[Source "ChessBase"]
[SourceDate "2021.11.30"]
[SourceVersion "1"]
[SourceVersionDate "2021.11.30"]
[SourceQuality "1"]

1. e4 c5 2. c3 Nf6 3. e5 Nd5 4. Nf3 e6 5. Bc4 Nc7 6. d4 d5 7. Bb3 Nc6 8. 0-0 b5 9. a4 b4 10. cxb4 cxd4 11. b5 Na5 12. Nxd4 Bc5 13. Be3 Bb6 14. Nd2 0-0 15. Bc2 f6 16. b4 Nc4 17. Nc6 Nxe3 18. fxe3 Bxe3+ 19. Kh1 Qe8 20. Nf3 a6 21. Qd3 Qg6 22. Ne7+ Kf7 1-0

[Event "DSOL 04 Liga Gr-A 1st"]
[Site "Playchess.com INT"]
[Date "2020.08.11"]
[Round "2.1"]
[White "Gypser, Andreas"]
[Black "Schwilk, Michael"]
[Result "1/2-1/2"]
[WhiteElo "2164"]
[BlackElo "1948"]
[PlyCount "72"]
[EventDate "2020.06.22"]
[EventType "team-tourn (rapid)"]
[EventCountry "GER"]
[SourceTitle "EXT 2021"]
[Source "ChessBase"]
[SourceDate "2020.10.23"]
[SourceVersion "1"]
[SourceVersionDate "2020.10.23"]
[SourceQuality "1"]
[WhiteTeam "Ludwigshafen II"]
[BlackTeam "Plochingen"]
[WhiteTeamCountry "GER"]
[BlackTeamCountry "GER"]

1. e4 c5 2. Nf3 e6 3. d4 cxd4 4. Nxd4 Nf6 5. Bd3 d6 6. c4 Nbd7 7. Nc3 a6 8. 0-0 Qc7 9. Qe2 Be7 10. Kh1 Ne5 11. f4 Nxd3 12. Qxd3 0-0 13. b3 b6 14. Ba3 Re8 15. Rae1 Nd7 16. Rf3 Bf8 17. Nc2 Bb7 18. Rh3 g6 19. Rd1 Nc5 20. Qe2 Bg7 21. Nd4 d5 22. cxd5 Qxf4 23. b4 Nxe4 24. Qxe4 Qxe4 25. Nxe4 exd5 26. Nd6 Bxd4 27. Nxb7 Re2 28. Rhd3 Rae8 29. g3 Rxa2 30. Rxd4 Ree2 31. Bc1 Rxh2+ 32. Kg1 Rag2+ 33. Kf1 Rf2+ 34. Kg1 Rfg2+ 35. Kf1 Rf2+ 36. Kg1 Rfg2+ 1/2-1/2

[Event "Staufer op 18th"]
[Site "Schwaebisch Gmuend"]
[Date "2006.01.02"]
[Round "1"]
[White "Schwilk, Michael"]
[Black "Inkiov, Ventzislav"]
[Result "0-1"]
[WhiteElo "1985"]
[BlackElo "2485"]
[PlyCount "58"]
[EventDate "2006.01.02"]
[EventType "swiss"]
[EventRounds "9"]
[EventCountry "GER"]
[SourceTitle "EXT 2007"]
[Source "ChessBase"]
[SourceDate "2006.11.23"]
[SourceVersion "1"]
[SourceVersionDate "2006.11.23"]
[SourceQuality "1"]

1. d4 Nf6 2. c4 e6 3. Nc3 Bb4 4. Qc2 0-0 5. a3 Bxc3+ 6. Qxc3 b6 7. Bg5 c5 8. dxc5 bxc5 9. Bxf6 Qxf6 10. Qxf6 gxf6 11. e3 Nc6 12. Nf3 Rd8 13. Be2 Rb8 14. Rb1 d6 15. 0-0 Kf8 16. Rfd1 a5 17. Rd2 Ke7 18. b3 Rb6 19. Bd3 Ba6 20. Rdb2 Rdb8 21. Be4 Ne5 22. Nxe5 fxe5 23. Bd3 d5 24. Bxh7 Bxc4 25. Bc2 a4 26. b4 cxb4 27. Rxb4 Rxb4 28. axb4 a3 29. Ra1 a2 0-1